[Event "Sterlitamak-ch U16 Girls 2"]
[Site "Sterlitamak"]
[Date "2016.08.19"]
[Round "5"]
[White "Murtazina, Enzhe"]
[Black "Saifullina, Fairuza"]
[Result "0-1"]
[WhiteElo "1168"]
[BlackElo "1393"]
[PlyCount "62"]
[EventDate "2016.08.17"]
[EventType "tourn"]
[EventRounds "9"]
[EventCountry "RUS"]
[SourceTitle "EXT 2022"]
[Source "ChessBase"]
[SourceDate "2021.10.06"]
[SourceVersion "1"]
[SourceVersionDate "2021.10.06"]
[SourceQuality "1"]

1. e4 e5 2. Nf3 d6 3. d4 exd4 4. Nxd4 Nf6 5. Nc3 Be7 6. Bc4 Nxe4 7. Bxf7+ Kxf7 8. Qf3+ Nf6 9. Nd5 Re8 10. 0-0 Kg8 11. Re1 Nbd7 12. Bg5 Ne5 13. Nxe7+ Qxe7 14. Qg3 Qf7 15. Re3 Bd7 16. f4 Nc6 17. Nxc6 Bxc6 18. Rae1 Ne4 19. Qh4 Nxg5 20. Qxg5 Rxe3 21. Rxe3 Re8 22. Rh3 Qe7 23. g4 Qxg5 24. fxg5 Re2 25. Rg3 Rxc2 26. h4 Rxb2 27. h5 Rxa2 28. h6 g6 29. Re3 Kf7 30. Re1 Rg2+ 31. Kh1 Re2+ 0-1

[Event "Sterlitamak-ch U16 Girls 2"]
[Site "Sterlitamak"]
[Date "2016.08.19"]
[Round "6"]
[White "Saifullina, Fairuza"]
[Black "Kaspranova, Aigul"]
[Result "1-0"]
[WhiteElo "1393"]
[BlackElo "1662"]
[PlyCount "69"]
[EventDate "2016.08.17"]
[EventType "tourn"]
[EventRounds "9"]
[EventCountry "RUS"]
[SourceTitle "EXT 2022"]
[Source "ChessBase"]
[SourceDate "2021.10.06"]
[SourceVersion "1"]
[SourceVersionDate "2021.10.06"]
[SourceQuality "1"]

1. e4 c5 2. c4 Nc6 3. g3 g6 4. Bg2 Bg7 5. Ne2 e6 6. Nbc3 Nge7 7. 0-0 0-0 8. d3 b6 9. Bf4 Be5 10. Bxe5 Nxe5 11. b3 Bb7 12. d4 cxd4 13. Qxd4 N7c6 14. Qd2 f6 15. f4 Nf7 16. Rad1 Bc8 17. Nd4 e5 18. Ndb5 a6 19. Nd6 Nxd6 20. Qxd6 Kg7 21. Bh3 Nd4 22. Nd5 Ra7 23. Nxb6 Rb7 24. Nxc8 Qxc8 25. fxe5 Ne6 26. Qe7+ Kg8 27. Rxf6 Rxf6 28. exf6 Qf8 29. Bxe6+ dxe6 30. Qxb7 Qc5+ 31. Kh1 Qf8 32. Qe7 Qxe7 33. fxe7 Kf7 34. c5 Kxe7 35. c6 1-0

[Event "Sterlitamak-ch U16 Girls 2"]
[Site "Sterlitamak"]
[Date "2016.08.18"]
[Round "4"]
[White "Saifullina, Fairuza"]
[Black "Chemborisova, Elina"]
[Result "0-1"]
[WhiteElo "1393"]
[BlackElo "1550"]
[PlyCount "76"]
[EventDate "2016.08.17"]
[EventType "tourn"]
[EventRounds "9"]
[EventCountry "RUS"]
[SourceTitle "EXT 2022"]
[Source "ChessBase"]
[SourceDate "2021.10.06"]
[SourceVersion "1"]
[SourceVersionDate "2021.10.06"]
[SourceQuality "1"]

1. e4 e5 2. Nc3 d6 3. g3 Nf6 4. Bg2 Be7 5. Nge2 c6 6. d4 Qc7 7. 0-0 0-0 8. f4 Rd8 9. Be3 Ng4 10. Bd2 Qb6 11. Bc1 Bf6 12. h3 exd4 13. hxg4 dxc3+ 14. Kh2 cxb2 15. Rb1 bxc1Q 16. Qxc1 Qa6 17. Qe3 Bxg4 18. Ng1 Nd7 19. Nf3 b5 20. a3 Qb6 21. Qd2 Qc5 22. Rb3 Nb6 23. Qc1 a5 24. Qd2 a4 25. Rd3 Nc4 26. Qc1 Bb2 27. Qe1 Qh5+ 28. Kg1 Bxa3 29. Qc3 Bc5+ 30. Nd4 Be2 31. Ra1 Bxd3 32. cxd3 Ne3 33. Ra2 b4 34. Qa1 b3 35. Rf2 Nc2 36. Qc3 Bxd4 37. Qxc6 Na3 38. Kf1 Qd1# 0-1

[Event "Tuimazy RB-ch Girls 00/01"]
[Site "Tuimazy"]
[Date "2015.08.18"]
[Round "3"]
[White "Galeeva, Endzhe"]
[Black "Saifullina, Fairuza"]
[Result "1-0"]
[WhiteElo "1573"]
[BlackElo "1400"]
[PlyCount "115"]
[EventDate "2015.08.18"]
[EventType "tourn"]
[EventRounds "7"]
[EventCountry "RUS"]
[SourceTitle "EXT 2022"]
[Source "ChessBase"]
[SourceDate "2021.10.06"]
[SourceVersion "1"]
[SourceVersionDate "2021.10.06"]
[SourceQuality "1"]

1. d4 d5 2. c4 e6 3. Nc3 Nf6 4. Bg5 Be7 5. e3 0-0 6. Nf3 b6 7. cxd5 Nxd5 8. Nxd5 exd5 9. Bxe7 Qxe7 10. Be2 Bb7 11. 0-0 Nd7 12. Rc1 Rac8 13. Qa4 a5 14. Bb5 Nf6 15. Bc6 Bxc6 16. Rxc6 Ne4 17. Rfc1 Nd6 18. b3 Rfd8 19. Qa3 f6 20. Qb2 Rd7 21. Nd2 Nb5 22. Rxb6 cxb6 23. Rxc8+ Rd8 24. Rxd8+ Qxd8 25. Qc1 Qc7 26. Qxc7 Nxc7 27. Nb1 Kf7 28. Kf1 Ke6 29. Ke2 Kd6 30. Kd3 b5 31. a3 f5 32. Nd2 Ne8 33. f3 Ke6 34. a4 b4 35. e4 fxe4+ 36. fxe4 Nd6 37. h3 h6 38. g3 g6 39. g4 h5 40. e5 Ne8 41. Nf3 hxg4 42. hxg4 Ng7 43. Ke3 Ke7 44. Ng5 Ne8 45. Nh7 Nc7 46. Nf6 Ne6 47. Nxd5+ Kd7 48. Nf4 g5 49. Nxe6 Kxe6 50. Ke4 Ke7 51. d5 Kd7 52. Kf5 Ke7 53. d6+ Kd7 54. Kf6 Ke8 55. e6 Kf8 56. d7 Kg8 57. e7 Kh7 58. e8R 1-0